Nuevos temas de derecho económico, propiedad intelectual y biotécnica (Registro nro. 6799)
[ vista simple ]
| 000 -LEADER | |
|---|---|
| fixed length control field | 02153 a2200205 4500 |
| 001 - CONTROL NUMBER | |
| control field | 59716 |
| 005 - DATE AND TIME OF LATEST TRANSACTION | |
| control field | 20260407155851.0 |
| 008 - FIXED-LENGTH DATA ELEMENTS--GENERAL INFORMATION | |
| fixed length control field | 260407a2008 arg spa d |
| 003 - CONTROL NUMBER IDENTIFIER | |
| control field | AR-UNSa-BCEJYS |
| 040 ## - CATALOGING SOURCE | |
| Original cataloging agency | AR-UNSa-BCEJYS |
| Language of cataloging | spa |
| Transcribing agency | AR-UNSa-BCEJYS |
| 080 ## - UNIVERSAL DECIMAL CLASSIFICATION NUMBER | |
| Universal Decimal Classification number | 346 |
| Common auxiliary subdivision | Derecho económico. Derecho a la direccion estatal de la economía |
| 020 ## - INTERNATIONAL STANDARD BOOK NUMBER | |
| International Standard Book Number | 978-987-03-1349-6 |
| 100 1# - MAIN ENTRY--PERSONAL NAME | |
| Personal name | Correa, Carlos M. |
| 245 10 - TITLE STATEMENT | |
| Title | Nuevos temas de derecho económico, propiedad intelectual y biotécnica |
| 264 #1 - PRODUCTION, PUBLICATION, DISTRIBUTION, MANUFACTURE, AND COPYRIGHT NOTICE | |
| Place of production, publication, distribution, manufacture | Buenos Aires : |
| Name of producer, publisher, distributor, manufacturer | Universidad de Buenos Aires. Facultad de Derecho |
| Date of production, publication, distribution, manufacture, or copyright notice | 2008 |
| 300 ## - PHYSICAL DESCRIPTION | |
| Extent | 275 p. |
| Dimensions | 24 cm. |
| 505 ## - FORMATTED CONTENTS NOTE | |
| Formatted contents note | 1. Centralidad de la deontología en tiempo de tecnologías convergentes / Atilio Aníbal Alterini – 2. Los delitos societarios y el pensamiento de Bergel / David Baigún – 3. Quince años de Ley de Competencia Desleal / Alberto Bercovitz – 4. Patentes en Biotecnología: una nueva forma de “acumulación por desposesión” / María Julia Bertomeu – 5. Células Madre, Pre-embriones y Pseudo-embriones: Problemas Bioéticos en torno a la obtención de Células Madre – 6. Disposiciones de los acuerdos de libre comercio que pueden afectar el acceso a los medicamentos en los países en desarrollo / Carlos M. Correa – 7. Hoteles, música, televisores y derechos intelectuales / Aída Kemelmajer de Carlucci – 8. Cuestiones relacionadas con el patentamiento en materia de biotecnoloía / Jorge Kors – 9. La responsabilidad de los proveedores de servicios de intermediación en línea. La jurisprudencia internacional / Delia Lipszyc – 10. Justicia y agentes responsables en investigación / Florencia Luna – 11. OMC y medio Ambiente: ¿excepción o discriminación? / Sandra C. Negro – 12. La cultura Bioética / Marcelo Palacios – 13. Aspectos Éticos de la Farmacogenómica / Víctor B. Penchaszadeh – 14. Los bienes jurídicos tutelados en el Protocolo de Cartagena sobre Seguridad de la Biotecnología del Convenio sobre Diversidad Biológica / Rafael J. Pérez Miranda – 15. Empresas innovadoras de Biotecnología ¿también bioéticas? - |
| 590 ## - LOCAL NOTE (RLIN) | |
| Local note | niveau_biblio:m niveau_hierar:0 |
| 942 ## - ADDED ENTRY ELEMENTS (KOHA) | |
| Koha item type | |
| Withdrawn status | Lost status | Damaged status | Not for loan | Home library | Current library | Shelving location | Date acquired | Total checkouts | Full call number | Barcode | Date last seen | Price effective from | Koha item type |
|---|---|---|---|---|---|---|---|---|---|---|---|---|---|
| Biblioteca Prof. Eusebio Cleto del Rey | Biblioteca Prof. Eusebio Cleto del Rey | 07/04/2026 | 346 C824 | L117747 | 07/04/2026 | 07/04/2026 | Libro |